000 00598nam a2200169Ia 4500
003 GCL
008 140319s9999 xx 000 0 ara d
040 _aGCL /
_cGCL
082 0 4 _a320.54
_bهـ ا
100 1 _aهانى نسيرة
245 1 0 _aالايديولوجيا والقضبان :
_bنحو انسنة الفكر القومى العربى /
_cهانى نسيرة
260 _aالقاهرة :
_bمركز القاهرة لدراسات حقوق الانسان ،
_c2002
300 _a164 ص ؛
_c24 سم
650 0 4 _aالقومية
650 0 4 _aالفكر القومى
942 _2ddc
_cBK
999 _c5836
_d5836